Word Ladder: I Pine Fir Yew Quiz Stats

 Plays Quiz Updated Apr 22, 2017

Support Sporcle.
Go Orange.
Score 0/31 Timer 03:00
0 Plays Today
Hint 4-Letter Word % Correct
Johnny Cash song: 'I Walk the ___'LINE
97.6%
Gin & tonic garnishLIME
94.9%
Public greenspacePARK
93.8%
▲ CANINE COMMENT ▲▲ BARK ▲
93.7%
Taxi tollFARE
93.6%
NudeBARE
93%
Pub serving sizePINT
92.8%
SegmentPART
91.3%
Golfer's warning shoutFORE
91%
▲ YEARN ▲▲ PINE ▲
89.2%
Huff and puffPANT
88.2%
▲ MILITARY OUTPOST ▲▲ FORT ▲
86.2%
Use a pay phoneCALL
84.1%
Oates' musical partnerHALL
82.9%
Budweiser brewBEER
81.7%
CeaseHALT
80%
Hint 4-Letter Word % Correct
SereneCALM
79.1%
ClairvoyantSEER
75.7%
ScorchSEAR
74.4%
▲ APPENDAGE ▲▲ LIMB ▲
73.1%
Coffin coverPALL
70.9%
▲ PILOT, READER, OR SUNDAY, e.g. ▲▲ PALM ▲
70.4%
___-mellPELL
70.2%
▲ BARTLETT OR BOSC, e.g. ▲▲ PEAR ▲
67.7%
Civil liability matterTORT
65.6%
Bell or laugh soundPEAL
64.7%
Red deerHART
62%
StrumpetTART
61%
Briar Patch RabbitBRER
60.2%
▲ COMMON BOND ▲▲ TREE ▲
45.9%
LOTR's 'Prancing Pony' villageBREE
45.1%

Today's Daily Dose

Missing Word
'Y-Z' Pairs

Quick Pick
MCU Directors

You're not logged in!

Compare scores with friends on all Sporcle quizzes.
OR
Log In
Forgot?

From the Vault

Big 4 Teams in 1991

by hscer

These teams are past their prime.
Remove Ads.
Support Sporcle.
Get the best of Sporcle when you Go Orange. This ad-free experience offers more features, more stats, and more fun while also helping to support Sporcle. Thank you for becoming a member.

Show Comments

Extras

Top Quizzes Today


Score Distribution

Your Account Isn't Verified!

In order to create a playlist on Sporcle, you need to verify the email address you used during registration. Go to your Sporcle Settings to finish the process.

Report this User

Report this user for behavior that violates our Community Guidelines.

Details: